Lo podemos conseguir: Historias de mujeres con minusvalía en países en desarrollo
Na minha lista:
| Autor principal: | |
|---|---|
| Formato: | Livro |
| Idioma: | espanhol |
| Publicado em: |
Madrid
Ministerio de Trabajo y Asuntos Sociales
1997
|
| Colecção: | Servicios Sociales, 34
|
| Assuntos: | |
| Tags: |
Adicionar Tag
Sem tags, seja o primeiro a adicionar uma tag!
|
MARC
| LEADER | 00000nam a2200000 a 4500 | ||
|---|---|---|---|
| 001 | UCH9493 | ||
| 003 | CL-VaPUC | ||
| 008 | 100107e19970000SP |||||||||||||||||spa|d | ||
| 020 | |a 8488986459 | ||
| 082 | 0 | 4 | |a 362.4 |b EPS |2 21 |
| 100 | 0 | |a Epstein, Susan |e author |9 546673 | |
| 245 | 1 | 3 | |a Lo podemos conseguir: Historias de mujeres con minusvalía en países en desarrollo |
| 300 | |a 67 p | ||
| 942 | |c BK | ||
| 945 | |d 20100107 00:00:00 |a dcastane | ||
| 260 | |a Madrid |b Ministerio de Trabajo y Asuntos Sociales |c 1997 | ||
| 650 | 7 | |a MUJERES MINUSVALIDAS |2 CL-VaPUC |9 546674 | |
| 650 | 0 | |a Problemas sociales |9 258537 | |
| 650 | 0 | |a Integración social |9 319662 | |
| 650 | 0 | |a Cambio social |9 256857 | |
| 650 | 0 | |a Problemas sociales |9 258537 | |
| 651 | 0 | |a España |9 254926 | |
| 583 | |a last modification |c 20100107 00:00:00 |k Rodrigo Vera | ||
| 490 | 0 | |a Servicios Sociales, 34 | |
| 999 | |c 339461 |d 339459 | ||
| 952 | |0 0 |1 0 |4 0 |6 362_400000000000000_EPS_1997 |7 0 |8 A |9 433120 |a BIBEDU |b BIBEDU |d 2019-11-22 |i 4632281 |o 362.4 EPS 1997 |p 4632281 |r 2019-11-22 |w 2019-11-22 |y BK |k EDI | ||